دعوى البطلان الأصلية أمام القضاء الاداري : (رقم التسجيلة. 146256)

تفاصيل مارك
000 -الفاتح
عناصر البيانات ثابتة الطول 00863cam a2200193 i 4500
005 - تاريخ ووقت آخر معاملة
حقل ضبط 20260127100305.0
008 - عناصر البيانات ثابتة الطول
عناصر البيانات ثابتة الطول 250721s2024 ua gr 000 0 ara d
020 ## - الترقيم الدولي المعياري للكتب (ردمك)
الترقيم الدولي المعياري للكتب (ردمك) 9789777614641
082 14 - رقم تصنيف ديوي العشري
رقم التصنيف 347.03
رقم المادة ع ل ا
100 1# - مدخل رئيسي – اسم شخصي
الاسم الشخصي علام، محمد يوسف
علاقة الشخص بالعمل/ دوره مؤلف.
245 10 - بيان العنوان
العنوان دعوى البطلان الأصلية أمام القضاء الاداري :
بقية العنوان دراسة تحليلية تطبيقية حول وسيلة مراجعة الاحكام الادارية غير القابلة للتصحيح /
بيان المسؤولية الدكتور محمد يوسف علام.
250 ## - بيان الطبعة
بيان الطبعة الطبعة الاولى.
264 31 - بيانات النشر، التوزيع…إلخ
مكان النشر، التوزيع...إلخ القاهرة :
اسم الناشر، الموزع...إلخ المركز القومي للإصدارات القانونية،
تاريخ النشر، التوزيع...إلخ 2024.
300 ## - الوصف المادي
عدد الوحدات المكونة للوعاء 367 صفحة.
650 17 - مدخل إضافي بالموضوع - مصطلح موضوعي
مصطلح موضوعي أو اسم جغرافي كعنصر مدخل المحاكم.
650 17 - مدخل إضافي بالموضوع - مصطلح موضوعي
مصطلح موضوعي أو اسم جغرافي كعنصر مدخل القضاء الاداري.
942 ## - بيانات إضافية (كوها)
نوع التنصيف Dewey Decimal Classification
نوع المادة (كوها) كتب
المقتنيات
حالة السحب حالة الفقدان مصدر التصنيف حالة التلف غير قابل للإعارة المكتبة الرئيسية المكتبة الحالية موقع الرف تاريخ التزويد الرقم المتسلسل Total Checkouts رقم الإستدعاء الباركود تاريخ آخر ظهور تاريخ الفاتورة نوع المادة (كوها)
    Dewey Decimal Classification     المكتبة المركزية المكتبة المركزية الإعارة 28/07/2025 1785663   347.03 / ع ل ا PLD00509317 28/07/2025 28/07/2025 كتب
Implemented & Customized by: BBB with SCIT (Smart Chains for Information Technology)

Powered by Koha